000 00503nam a2200181Ia 4500
005 20250326124018.0
008 250326s9999 xx 000 0 und d
037 _aTextbook
040 _aFMSL
_beng
_cFMSL
041 _aeng
_2eng
084 _aX L2
_qFMSL
100 _aHunt E K
245 0 _aEconomics: introducation to traditional and radical views
_cHunt E K; Sherman H J
260 _aNY
_bNY, Harper & Row
_c1972
300 _a647p
942 _cTB
_hX L2
999 _c1271885
_d1271885